Crazy wisdom saves the world again! : (Record no. 2717)

MARC details
000 -LEADER
fixed length control field 00579nam a2200205 4500
001 - CONTROL NUMBER
control field 3356
005 - DATE AND TIME OF LATEST TRANSACTION
control field 20181127171057.0
010 00 - LIBRARY OF CONGRESS CONTROL NUMBER
LC control number
020 00 - INTERNATIONAL STANDARD BOOK NUMBER
International Standard Book Number 9781933330693
090 00 - LOCALLY ASSIGNED LC-TYPE CALL NUMBER (OCLC); LOCAL CALL NUMBER (RLIN)
Classification number (OCLC) (R) ; Classification number, CALL (RLIN) (NR) 294.34 N724c 2008
100 00 - MAIN ENTRY--PERSONAL NAME
Personal name Nisker, Wes.
245 00 - TITLE STATEMENT
Title Crazy wisdom saves the world again! :
Remainder of title Handbook for a spiritual revolution /
Statement of responsibility, etc. Wes "Scoop" Nisker.
Medium
250 00 - EDITION STATEMENT
Edition statement
260 00 - PUBLICATION, DISTRIBUTION, ETC.
Place of publication, distribution, etc. Berkeley, CA :
Name of publisher, distributor, etc. Stone Bridge Press,
Date of publication, distribution, etc. 2008.
300 00 - PHYSICAL DESCRIPTION
Extent 176 p. ; 18 cm.
500 00 - GENERAL NOTE
General note
650 00 - SUBJECT ADDED ENTRY--TOPICAL TERM
Topical term or geographic name entry element Wisdom --Religious aspects --Buddhism.
General subdivision
Topical term or geographic name entry element Spiritual life.
General subdivision
Topical term or geographic name entry element Wisdom --History
General subdivision
Holdings
Withdrawn status Lost status Source of classification or shelving scheme Damaged status Not for loan Collection code Home library Current library Shelving location Date acquired Serial Enumeration / chronology Inventory number Total Checkouts Total Renewals Full call number Barcode Date last seen Date last checked out Price effective from Koha item type
    Dewey Decimal Classification     Main TEST RTC Library RTC Library Main opac 18/05/2021 5843 7 6 200 NIO 30005094 06/09/2024 18/08/2024 27/11/2018 Main
Royal Thimphu College || All Right Reserved